[Event "Euskadi-ch"]
[Site "Pamplona"]
[Date "2018.04.07"]
[Round "6"]
[White "Abalia Patino, Aritz"]
[Black "Villalta Bustillo, Igor"]
[Result "0-1"]
[WhiteElo "2103"]
[BlackElo "2182"]
[PlyCount "62"]
[EventDate "2018.04.02"]
[EventType "swiss"]
[EventRounds "7"]
[EventCountry "ESP"]
[SourceTitle "EXT 2021"]
[Source "ChessBase"]
[SourceDate "2020.10.23"]
[SourceVersion "1"]
[SourceVersionDate "2020.10.23"]
[SourceQuality "1"]

1. Nf3 d5 2. c4 e6 3. g3 Nf6 4. Bg2 Be7 5. 0-0 0-0 6. b3 b6 7. Bb2 Bb7 8. e3 dxc4 9. bxc4 c5 10. Nc3 Nc6 11. d4 cxd4 12. exd4 Na5 13. Qe2 Rc8 14. Ne5 Bxg2 15. Kxg2 Nd7 16. Ne4 Nxe5 17. dxe5 Nxc4 18. Rfd1 Qc7 19. Rac1 b5 20. Nf6+ Bxf6 21. exf6 Qb7+ 22. Kg1 g6 23. Rxc4 bxc4 24. Qd2 Kh8 25. Qh6 Rg8 26. Rd4 g5 27. Bc3 Qf3 28. Rd7 Rb8 29. Be1 Rb1 30. Kf1 Qh1+ 31. Ke2 Rxe1+ 0-1

[Event "Euskadi-ch"]
[Site "Pamplona"]
[Date "2018.04.02"]
[Round "1"]
[White "Villalta Bustillo, Igor"]
[Black "Sola Plaza, Gregorio"]
[Result "1-0"]
[WhiteElo "2182"]
[BlackElo "1804"]
[PlyCount "127"]
[EventDate "2018.04.02"]
[EventType "swiss"]
[EventRounds "7"]
[EventCountry "ESP"]
[SourceTitle "EXT 2021"]
[Source "ChessBase"]
[SourceDate "2020.10.23"]
[SourceVersion "1"]
[SourceVersionDate "2020.10.23"]
[SourceQuality "1"]

1. d4 d5 2. Nf3 Nf6 3. c4 dxc4 4. e3 e6 5. Bxc4 a6 6. a4 c5 7. 0-0 Nc6 8. Qe2 Be7 9. Rd1 0-0 10. Nc3 Qc7 11. e4 cxd4 12. Nxd4 Nxd4 13. Rxd4 e5 14. Rd1 Bc5 15. h3 h6 16. Ba2 Bd7 17. Qf3 Kh7 18. g4 Bd4 19. Bxh6 Kxh6 20. g5+ Kxg5 21. Qg3+ Kh6 22. Rxd4 Nh5 23. Qe3+ Nf4 24. Rc4 Qd6 25. Qg3 Be6 26. Qh4+ Nh5 27. f4 exf4 28. Nd5 Bxd5 29. exd5 Rae8 30. Rc2 f3 31. Rac1 Qg6+ 32. Qg4 Qd3 33. Rf2 Qe3 34. Rcf1 Re5 35. h4 g5 36. Kh2 Re4 37. hxg5+ Kg6 38. Bb1 Nf4 39. Rxf3 Rh8+ 40. Kg3 Nh5+ 41. Qxh5+ Kxh5 42. Rxe3 Rxe3+ 43. Kf4 Rh3 44. Be4 Re8 45. Kf5 Kh4 46. d6 Rd8 47. Rf4+ Kg3 48. Rf3+ Kh4 49. Rxh3+ Kxh3 50. Ke5 b5 51. axb5 axb5 52. Bc6 Kg4 53. g6 fxg6 54. Ke6 Kf4 55. Ke7 Rh8 56. Be8 Rh1 57. Bf7 g5 58. d7 Rh8 59. d8Q Rxd8 60. Kxd8 Ke5 61. Kc7 g4 62. Kb6 b4 63. Kc5 b3 64. Bxb3 1-0

[Event "Bilbao op 9th"]
[Site "Bilbao"]
[Date "2016.07.20"]
[Round "7"]
[White "Villalta Bustillo, Igor"]
[Black "Ruiz Gomez, Alejandro"]
[Result "1-0"]
[WhiteElo "2241"]
[BlackElo "2362"]
[PlyCount "113"]
[EventDate "2016.07.13"]
[EventType "swiss"]
[EventRounds "10"]
[EventCountry "ESP"]
[SourceTitle "CBM 173 Extra"]
[Source "ChessBase"]
[SourceDate "2016.08.29"]
[SourceVersion "1"]
[SourceVersionDate "2016.08.29"]
[SourceQuality "1"]

1. d4 d5 2. Nf3 Nf6 3. e3 c5 4. dxc5 e6 5. b4 a5 6. b5 Bxc5 7. Bb2 0-0 8. Bd3 Nbd7 9. Nbd2 a4 10. Rc1 Qe7 11. 0-0 Ba3 12. Bxa3 Qxa3 13. c3 Qxa2 14. Nb1 Qb3 15. Rc2 a3 16. Nfd2 Qa4 17. Ra2 Nc5 18. Be2 Bd7 19. Rxa3 Qxd1 20. Rxd1 Rxa3 21. Nxa3 Ra8 22. Ndb1 e5 23. c4 Be6 24. f3 Kf8 25. cxd5 Nxd5 26. e4 Nf4 27. Bc4 Ra4 28. Bxe6 Nfxe6 29. Rc1 f6 30. Rc4 Ra8 31. h3 h5 32. h4 g6 33. Kh2 Ke7 34. Nc2 Ra2 35. Nc3 Rb2 36. Ne3 Rd2 37. Ncd5+ Kf7 38. Rc1 Ra2 39. Nc4 Kg7 40. Nd6 Ra8 41. Nc7 Nxc7 42. Rxc5 Ne6 43. Rd5 b6 44. Nc4 Ra2 45. Rd7+ Kh6 46. Rd6 Nf4 47. Rxf6 Rxg2+ 48. Kh1 Rc2 49. Nxe5 Rc5 50. Nf7+ Kg7 51. Rxf4 Rxb5 52. Ng5 Rb1+ 53. Kg2 b5 54. Rf7+ Kg8 55. Rb7 b4 56. e5 b3 57. e6 1-0

[Event "Bilbao op 9th"]
[Site "Bilbao"]
[Date "2016.07.19"]
[Round "6"]
[White "Villalta Bustillo, Igor"]
[Black "Garcia Rodriguez, Inaki"]
[Result "1-0"]
[WhiteElo "2241"]
[BlackElo "2019"]
[PlyCount "35"]
[EventDate "2016.07.13"]
[EventType "swiss"]
[EventRounds "10"]
[EventCountry "ESP"]
[SourceTitle "CBM 173 Extra"]
[Source "ChessBase"]
[SourceDate "2016.08.29"]
[SourceVersion "1"]
[SourceVersionDate "2016.08.29"]
[SourceQuality "1"]

1. d4 g6 2. e4 Bg7 3. Nc3 d6 4. Be3 Nf6 5. f3 0-0 6. Qd2 c6 7. Bh6 Bxh6 8. Qxh6 Qb6 9. 0-0-0 Qa5 10. h4 b5 11. h5 Nxh5 12. g4 Nf6 13. e5 Nbd7 14. exf6 Nxf6 15. Bd3 Rd8 16. g5 Nh5 17. Rxh5 gxh5 18. Qxh7+ 1-0

[Event "Euskadi-ch"]
[Site "Zornotza"]
[Date "2016.04.01"]
[Round "5"]
[White "Trigo Urquijo, Sergio"]
[Black "Villalta Bustillo, Igor"]
[Result "1-0"]
[WhiteElo "2381"]
[BlackElo "2223"]
[PlyCount "61"]
[EventDate "2016.03.28"]
[EventType "swiss"]
[EventRounds "7"]
[EventCountry "ESP"]
[SourceTitle "EXT 2018"]
[Source "ChessBase"]
[SourceDate "2017.10.13"]
[SourceVersion "1"]
[SourceVersionDate "2017.10.13"]
[SourceQuality "1"]

1. d4 Nf6 2. c4 g6 3. f3 d5 4. cxd5 Nxd5 5. e4 Nb6 6. Nc3 Bg7 7. Be3 0-0 8. Qd2 Nc6 9. 0-0-0 f5 10. e5 Na5 11. b3 Nd5 12. Nxd5 Qxd5 13. Nh3 b6 14. Nf4 Qf7 15. h4 c5 16. dxc5 Bxe5 17. cxb6 axb6 18. Qd5 Qxd5 19. Nxd5 Be6 20. Nxb6 Nxb3+ 21. Kb1 Na5 22. Nxa8 Rxa8 23. Bd4 Bxd4 24. Rxd4 Bxa2+ 25. Kb2 Bf7 26. Rb4 Nc6 27. Rb6 Ra2+ 28. Kc3 Ra3+ 29. Kd2 Ra2+ 30. Ke3 Bd5 31. Rxc6 1-0

[Event "Iberoamerican-ch 6th"]
[Site "Bilbao"]
[Date "2015.10.28"]
[Round "4"]
[White "Villalta Bustillo, Igor"]
[Black "Santos Latasa, Jaime"]
[Result "0-1"]
[WhiteElo "2241"]
[BlackElo "2518"]
[PlyCount "74"]
[EventDate "2015.10.26"]
[EventType "swiss"]
[EventRounds "9"]
[EventCountry "ESP"]
[SourceTitle "CBM 169 Extra"]
[Source "ChessBase"]
[SourceDate "2015.12.18"]
[SourceVersion "1"]
[SourceVersionDate "2015.12.18"]
[SourceQuality "1"]

1. d4 c5 2. e3 Nf6 3. Nf3 g6 4. Be2 Bg7 5. 0-0 0-0 6. a3 cxd4 7. exd4 d5 8. c3 Nc6 9. Bf4 Qb6 10. Qc1 Bf5 11. Nh4 Bd7 12. Bd3 Rac8 13. Qd2 Ne4 14. Qe2 e5 15. dxe5 Nxe5 16. Bxe5 Bxe5 17. Nf3 Bg7 18. a4 Rfe8 19. a5 Qf6 20. Qd1 Bg4 21. h3 Bxf3 22. Qxf3 Qxf3 23. gxf3 Ng5 24. Kg2 Ne6 25. Bb5 Red8 26. a6 Rc5 27. Na3 bxa6 28. Bxa6 d4 29. Rfd1 Rg5+ 30. Kf1 Nf4 31. cxd4 Nxh3 32. Nc2 Re8 33. Ne3 Bxd4 34. f4 Rg1+ 35. Ke2 Bxe3 36. fxe3 Rg2+ 37. Kd3 Nf2+ 0-1

[Event "Pontevedra op 3rd"]
[Site "Pontevedra"]
[Date "2015.08.12"]
[Round "6"]
[White "Frois, Antonio"]
[Black "Villalta Bustillo, Igor"]
[Result "1/2-1/2"]
[WhiteElo "2320"]
[BlackElo "2204"]
[PlyCount "49"]
[EventDate "2015.08.09"]
[EventType "swiss"]
[EventRounds "9"]
[EventCountry "ESP"]
[SourceTitle "EXT 2016"]
[Source "ChessBase"]
[SourceDate "2015.10.08"]
[SourceVersion "1"]
[SourceVersionDate "2015.10.08"]
[SourceQuality "1"]

1. Nf3 d5 2. g3 c5 3. Bg2 Nc6 4. 0-0 Nf6 5. d3 g6 6. Nbd2 Bg7 7. e4 0-0 8. Re1 dxe4 9. dxe4 h6 10. h3 Be6 11. Kh2 c4 12. Qe2 c3 13. bxc3 Nd7 14. Bb2 Rc8 15. Nb3 Nb6 16. Red1 Qc7 17. Nc5 Bc4 18. Qe1 Nb4 19. cxb4 Bxb2 20. Rab1 Bg7 21. c3 Rfd8 22. Qe3 a6 23. a4 Nd7 24. Nxd7 Rxd7 25. e5 1/2-1/2

[Event "Pontevedra op 3rd"]
[Site "Pontevedra"]
[Date "2015.08.11"]
[Round "4"]
[White "Reinaldo Castineira, Roi"]
[Black "Villalta Bustillo, Igor"]
[Result "1-0"]
[WhiteElo "2490"]
[BlackElo "2204"]
[PlyCount "136"]
[EventDate "2015.08.09"]
[EventType "swiss"]
[EventRounds "9"]
[EventCountry "ESP"]
[SourceTitle "EXT 2016"]
[Source "ChessBase"]
[SourceDate "2015.10.08"]
[SourceVersion "1"]
[SourceVersionDate "2015.10.08"]
[SourceQuality "1"]

1. d4 Nf6 2. c4 e6 3. Nf3 Bb4+ 4. Nbd2 b6 5. a3 Bxd2+ 6. Qxd2 Bb7 7. e3 0-0 8. Be2 d6 9. 0-0 Nbd7 10. b4 h6 11. Bb2 Qe7 12. Rac1 Rfd8 13. Qc2 c5 14. Rfd1 Rac8 15. Qb3 Ba8 16. a4 Rb8 17. Qa3 Bc6 18. Bc3 Ne4 19. Be1 Rdc8 20. a5 Ng5 21. Nxg5 Qxg5 22. Bf1 Bf3 23. Rd2 Nf6 24. Kh1 Ba8 25. Rdd1 cxd4 26. exd4 bxa5 27. b5 a6 28. bxa6 Rb6 29. c5 Rxa6 30. cxd6 Rd8 31. Rc5 Qg6 32. Rxa5 Rxa5 33. Qxa5 Rf8 34. Rc1 Qe4 35. Qe5 Bd5 36. Qxe4 Bxe4 37. f3 Bb7 38. Bb5 Rc8 39. Rc7 Rxc7 40. dxc7 Nd5 41. Bg3 Bc8 42. Kg1 f6 43. Kf2 Kf7 44. Bd6 Ne7 45. g4 Bb7 46. h4 Bc8 47. h5 f5 48. Be5 fxg4 49. fxg4 Nd5 50. Bd3 Nf6 51. Kg3 Ke7 52. Kh4 Kf7 53. g5 hxg5+ 54. Kxg5 Nd5 55. Bg6+ Kf8 56. Bd6+ Kg8 57. Kg4 e5+ 58. Kf3 exd4 59. Ke4 Nf6+ 60. Kxd4 Nd7 61. Kd5 Nf8 62. Bxf8 Kxf8 63. Kd6 Bg4 64. Be4 Kf7 65. Bc6 Bc8 66. Bd7 Bb7 67. Kc5 Ke7 68. Kb6 Ba6 1-0

[Event "Pontevedra op 3rd"]
[Site "Pontevedra"]
[Date "2015.08.11"]
[Round "5"]
[White "Villalta Bustillo, Igor"]
[Black "Dominguez Fernandez, Angel I"]
[Result "1-0"]
[WhiteElo "2204"]
[BlackElo "1992"]
[PlyCount "143"]
[EventDate "2015.08.09"]
[EventType "swiss"]
[EventRounds "9"]
[EventCountry "ESP"]
[SourceTitle "EXT 2016"]
[Source "ChessBase"]
[SourceDate "2015.10.08"]
[SourceVersion "1"]
[SourceVersionDate "2015.10.08"]
[SourceQuality "1"]

1. d4 e6 2. Nf3 f5 3. Bg5 Be7 4. Bxe7 Qxe7 5. Nbd2 Nf6 6. e3 b6 7. Be2 Bb7 8. 0-0 0-0 9. c4 d6 10. Qc2 Nbd7 11. Rad1 Kh8 12. Bd3 Nh5 13. b4 g5 14. d5 Ne5 15. Be2 Nxf3+ 16. Nxf3 Ng7 17. dxe6 Nxe6 18. Nd4 Ng7 19. c5 dxc5 20. bxc5 Be4 21. Bd3 Bxd3 22. Rxd3 Qxc5 23. Rc3 Qe5 24. Rxc7 Ne8 25. Rc6 Nd6 26. Nf3 Qe7 27. Nxg5 Qxg5 28. Rxd6 Rg8 29. g3 Rac8 30. Qd3 Rg7 31. Rd1 h6 32. Qd4 Rcc7 33. Qe5 Kh7 34. Rf6 Rc5 35. Qe6 Qh5 36. Rd7 Rc7 37. Rxg7+ Rxg7 38. Qxf5+ Qxf5 39. Rxf5 Kg6 40. Rd5 Rc7 41. Rd2 Kf5 42. Kg2 Ke5 43. f3 Rc3 44. Kf2 b5 45. f4+ Ke6 46. Kf3 b4 47. Ke4 a5 48. g4 Rc4+ 49. Kf3 Rc3 50. h4 Ra3 51. Ke4 Ra4 52. Kf3 Kf6 53. g5+ hxg5 54. hxg5+ Ke6 55. e4 Ra3+ 56. Kg4 Re3 57. e5 Rc3 58. g6 Rc1 59. Rd6+ Ke7 60. Ra6 Rc5 61. Kf5 Rb5 62. Ra7+ Kf8 63. Kf6 Rb8 64. Rxa5 b3 65. axb3 Kg8 66. f5 Kh8 67. e6 Kg8 68. b4 Rf8+ 69. Kg5 Rb8 70. Kh6 Rf8 71. e7 Rb8 72. f6 1-0

[Event "Pontevedra op 3rd"]
[Site "Pontevedra"]
[Date "2015.08.10"]
[Round "3"]
[White "Villalta Bustillo, Igor"]
[Black "Gonzalez Perez, Arian"]
[Result "1-0"]
[WhiteElo "2204"]
[BlackElo "2440"]
[PlyCount "89"]
[EventDate "2015.08.09"]
[EventType "swiss"]
[EventRounds "9"]
[EventCountry "ESP"]
[SourceTitle "EXT 2016"]
[Source "ChessBase"]
[SourceDate "2015.10.08"]
[SourceVersion "1"]
[SourceVersionDate "2015.10.08"]
[SourceQuality "1"]

1. d4 d5 2. Nf3 Nf6 3. e3 c6 4. b3 Bg4 5. h3 Bh5 6. Bb2 Nbd7 7. Nbd2 e6 8. Be2 Be7 9. 0-0 0-0 10. g4 Bg6 11. Nh4 Ne8 12. Nxg6 hxg6 13. Bf3 Nd6 14. Bg2 c5 15. e4 dxe4 16. Nxe4 Nxe4 17. Bxe4 Qc7 18. dxc5 Nxc5 19. Qf3 Bf6 20. Bxf6 gxf6 21. Rfe1 Kg7 22. c4 Rh8 23. Rad1 a5 24. Qc3 Rh4 25. Bg2 g5 26. Qd4 Re8 27. Qd6 Qc8 28. Qb6 e5 29. Rd6 e4 30. Qxa5 Nd3 31. Rxe4 Nf4 32. Qc3 Rh6 33. Rxf4 gxf4 34. g5 Rg6 35. Rxf6 Qc7 36. Re6+ Kf8 37. Qh8+ Rg8 38. Rxe8+ Kxe8 39. Qxg8+ Ke7 40. Bd5 Qa5 41. Qxf7+ Kd6 42. Qxf4+ Kc5 43. b4+ Kxb4 44. Qd2+ Ka4 45. Qxa5+ 1-0

[Event "Euskadi-chT (Vasca) Div Honor"]
[Site "Bergara"]
[Date "2015.01.31"]
[Round "4.3"]
[White "Villalta Bustillo, Igor"]
[Black "Cruz Lopez Claret, Carlos"]
[Result "1-0"]
[WhiteElo "2210"]
[BlackElo "2301"]
[PlyCount "61"]
[EventDate "2015.01.10"]
[EventType "team-tourn"]
[EventRounds "9"]
[EventCountry "ESP"]
[SourceTitle "EXT 2024"]
[Source "ChessBase"]
[SourceDate "2023.10.10"]
[SourceVersion "1"]
[SourceVersionDate "2023.10.10"]
[SourceQuality "1"]

1. e4 e5 2. d4 exd4 3. Nf3 Nc6 4. Nxd4 Nf6 5. Nxc6 bxc6 6. e5 Qe7 7. Qe2 Nd5 8. c4 Ba6 9. Nd2 0-0-0 10. b3 f6 11. Bb2 Nf4 12. Qe3 fxe5 13. Qxa7 Bb7 14. g3 c5 15. gxf4 exf4+ 16. Kd1 Re8 17. Rg1 Qe1+ 18. Kc2 Qxf2 19. Bd3 Re3 20. Bf5 Re2 21. Rad1 Bd6 22. Bc3 Rg8 23. Bxh7 Rh8 24. Bf5 Rxh2 25. Rg6 Qf3 26. Ba5 Be7 27. Kc1 Qe3 28. Bxd7+ Kxd7 29. Qxb7 Bd6 30. Rxg7+ Be7 31. Qxc7+ 1-0

[Event "Euskadi-ch"]
[Site "Zornotza"]
[Date "2014.04.25"]
[Round "5"]
[White "Villalta Bustillo, Igor"]
[Black "Fernandez Hernandez, Gerardo"]
[Result "1-0"]
[WhiteElo "2232"]
[BlackElo "2223"]
[PlyCount "83"]
[EventDate "2014.04.21"]
[EventType "swiss"]
[EventRounds "7"]
[EventCountry "ESP"]
[SourceTitle "CBM 160 Extra"]
[Source "ChessBase"]
[SourceDate "2014.07.01"]
[SourceVersion "1"]
[SourceVersionDate "2014.07.01"]
[SourceQuality "1"]

1. e4 e6 2. d4 d5 3. e5 c5 4. c3 Nc6 5. Nf3 Qb6 6. Be2 f6 7. 0-0 fxe5 8. dxe5 Nh6 9. b4 Nf7 10. Bf4 c4 11. a4 Qc7 12. Re1 g6 13. Na3 Bg7 14. Nb5 Qd8 15. Bf1 0-0 16. Qd2 a6 17. Nbd4 Bd7 18. g3 Qe7 19. h4 Rae8 20. Bh3 Qd8 21. Kg2 Qb8 22. Qe3 Kh8 23. b5 Nxd4 24. Nxd4 a5 25. b6 Qd8 26. Nb5 Bxb5 27. axb5 h6 28. Qd4 g5 29. hxg5 hxg5 30. Bd2 Nd6 31. Qg4 Ne4 32. Rxe4 dxe4 33. Be3 Qd3 34. Rd1 Qxc3 35. Rd4 Re7 36. Rxe4 Qd3 37. Bxg5 Qc2 38. Re2 Qd1 39. Bxe7 Rf5 40. Qh4+ Kg8 41. Bxf5 Qxe2 42. Bxe6# 1-0

[Event "Euskadi-ch"]
[Site "Zornotza"]
[Date "2014.04.22"]
[Round "2"]
[White "Garcia Sanchez, Jose Manuel"]
[Black "Villalta Bustillo, Igor"]
[Result "1/2-1/2"]
[WhiteElo "1793"]
[BlackElo "2232"]
[PlyCount "144"]
[EventDate "2014.04.21"]
[EventType "swiss"]
[EventRounds "7"]
[EventCountry "ESP"]
[SourceTitle "CBM 160 Extra"]
[Source "ChessBase"]
[SourceDate "2014.07.01"]
[SourceVersion "1"]
[SourceVersionDate "2014.07.01"]
[SourceQuality "1"]

1. e4 e5 2. Bc4 Nf6 3. d3 c6 4. Nf3 Be7 5. 0-0 d6 6. Be3 0-0 7. h3 Nbd7 8. Nc3 Qc7 9. Bb3 Nc5 10. Qe2 Nxb3 11. axb3 Re8 12. Bxa7 c5 13. Bb6 Qb8 14. Bc7 Qxc7 15. Rxa8 Qc6 16. Rfa1 g6 17. Qd2 Kg7 18. Nd1 Nh5 19. c4 f5 20. Nc3 Nf6 21. Qe3 h6 22. Nd5 Nxd5 23. cxd5 Qd7 24. b4 c4 25. dxc4 fxe4 26. Qxe4 Rf8 27. Rc1 Qc7 28. Qe3 b6 29. Ra3 Bf5 30. c5 bxc5 31. bxc5 e4 32. cxd6 Qxd6 33. Qd4+ Bf6 34. Ra7+ Kg8 35. Qe3 exf3 36. Qxh6 Rf7 37. Ra8+ Bd8 38. Rc6 Qxd5 39. Rxg6+ Bxg6 40. Qxg6+ Rg7 41. Qe8+ Kh7 42. Rxd8 Rxg2+ 43. Kh1 Qc5 44. Qh8+ Kg6 45. Rg8+ Kf7 46. Qh7+ Kf6 47. Qh4+ Kf7 48. Rxg2 fxg2+ 49. Kxg2 Qd5+ 50. f3 Qd2+ 51. Qf2 Qg5+ 52. Kh2 Qf4+ 53. Kg1 Qc1+ 54. Qf1 Qxb2 55. Qc4+ Kf8 56. Qf4+ Ke8 57. h4 Qg7+ 58. Kh2 Qb2+ 59. Kh3 Qf2 60. Kg4 Qg1+ 61. Kh5 Qc5+ 62. Qg5 Qc3 63. f4 Kf8 64. f5 Kf7 65. Qg6+ Kf8 66. Qh6+ Kf7 67. Qe6+ Kf8 68. f6 Qf3+ 69. Kg5 Qh5+ 70. Kf4 Qf3+ 71. Ke5 Qe4+ 72. Kd6 Qc6+ 1/2-1/2

[Event "Euskadi-ch"]
[Site "Zornotza"]
[Date "2013.04.06"]
[Round "6"]
[White "Villalta Bustillo, Igor"]
[Black "Guijarro Galan, Jose Luis"]
[Result "1/2-1/2"]
[WhiteElo "2229"]
[BlackElo "2154"]
[PlyCount "26"]
[EventDate "2013.04.01"]
[EventType "swiss"]
[EventRounds "7"]
[EventCountry "ESP"]
[SourceTitle "CBM 153 Extra"]
[Source "ChessBase"]
[SourceDate "2013.04.22"]
[SourceVersion "1"]
[SourceVersionDate "2013.04.22"]
[SourceQuality "1"]

1. b3 e5 2. Bb2 Nc6 3. e3 Nf6 4. Bb5 Bd6 5. Bxc6 dxc6 6. d3 Bg4 7. Nf3 Bb4+ 8. Bc3 Bxc3+ 9. Nxc3 Qe7 10. h3 Bxf3 11. gxf3 0-0-0 12. Qd2 Nd5 13. Nxd5 cxd5 1/2-1/2

[Event "Euskadi-ch"]
[Site "Zornotza"]
[Date "2013.04.04"]
[Round "4"]
[White "Villalta Bustillo, Igor"]
[Black "Segura del Frago, Imanol"]
[Result "1-0"]
[WhiteElo "2229"]
[BlackElo "2012"]
[PlyCount "111"]
[EventDate "2013.04.01"]
[EventType "swiss"]
[EventRounds "7"]
[EventCountry "ESP"]
[SourceTitle "CBM 153 Extra"]
[Source "ChessBase"]
[SourceDate "2013.04.22"]
[SourceVersion "1"]
[SourceVersionDate "2013.04.22"]
[SourceQuality "1"]

1. b3 e5 2. Bb2 Nc6 3. e3 a6 4. c4 d5 5. cxd5 Qxd5 6. Nc3 Qd6 7. Nf3 Bg4 8. Be2 0-0-0 9. a3 f5 10. d3 Nf6 11. b4 Nd5 12. Qb3 Nxc3 13. Bxc3 Be7 14. Rb1 e4 15. dxe4 fxe4 16. Nd4 Bxe2 17. Nxe2 Ne5 18. 0-0 Ng4 19. Nf4 h5 20. Bxg7 Rhg8 21. Rfd1 Rxg7 22. Rxd6 Bxd6 23. Ne6 Bxh2+ 24. Kh1 Rd3 25. Nxg7 Rxb3 26. Rxb3 Be5 27. Nxh5 Nxf2+ 28. Kg1 Nd3 29. Nf4 Nxf4 30. exf4 Bxf4 31. Rc3 b5 32. Kf2 Be5 33. Rh3 Bd4+ 34. Ke2 Kd7 35. Rh6 c6 36. g4 Bb2 37. g5 Bxa3 38. Rf6 Bb2 39. Rf7+ Kd6 40. g6 Bc3 41. Ra7 Kd5 42. g7 Bxg7 43. Rxg7 Kc4 44. Rg4 Kxb4 45. Rxe4+ Kc5 46. Kd3 a5 47. Kc2 a4 48. Kc3 Kb6 49. Re3 Kc5 50. Re5+ Kd6 51. Kd4 b4 52. Rh5 a3 53. Rh6+ Kd7 54. Kc4 c5 55. Rh3 Kc7 56. Kxc5 1-0

[Event "ESP-chT CECLUB Div2 Gp2"]
[Site "Burguillos"]
[Date "2012.08.10"]
[Round "4.2"]
[White "Villalta Bustillo, Igor"]
[Black "Vazquez Igarza, Renier"]
[Result "1/2-1/2"]
[WhiteElo "2206"]
[BlackElo "2570"]
[PlyCount "71"]
[EventDate "2012.08.08"]
[EventType "team-swiss"]
[EventRounds "6"]
[EventCountry "ESP"]
[SourceTitle "CBM 149 Extra"]
[Source "ChessBase"]
[SourceDate "2012.08.24"]
[SourceVersion "1"]
[SourceVersionDate "2012.08.24"]
[SourceQuality "1"]
[WhiteTeam "San Viator"]
[BlackTeam "Collado Villalba"]
[WhiteTeamCountry "ESP"]
[BlackTeamCountry "ESP"]

1. b3 e5 2. Bb2 Nc6 3. e3 Nf6 4. Bb5 Bd6 5. Bxc6 dxc6 6. d3 0-0 7. Nd2 Re8 8. e4 Nd7 9. Ngf3 Nf8 10. 0-0 c5 11. Nc4 Ng6 12. a4 Qf6 13. Ne1 Qe7 14. g3 Bh3 15. Ng2 Qd7 16. Qd2 f6 17. f3 Bf8 18. Rfe1 Rad8 19. Qf2 b6 20. Bc1 Ne7 21. g4 Bxg2 22. Kxg2 Nc6 23. Be3 a6 24. h3 Nd4 25. Bxd4 cxd4 26. f4 b5 27. axb5 axb5 28. Nd2 Bb4 29. Re2 Bxd2 30. Rxd2 c5 31. Rf1 c4 32. bxc4 bxc4 33. Qg3 cxd3 34. cxd3 Rc8 35. fxe5 Ra8 36. Ra1 1/2-1/2

[Event "Euskadi-ch"]
[Site "Zornotza"]
[Date "2012.04.14"]
[Round "6"]
[White "Martin Alvarez, Inigo"]
[Black "Villalta Bustillo, Igor"]
[Result "1/2-1/2"]
[WhiteElo "2265"]
[BlackElo "2185"]
[PlyCount "56"]
[EventDate "2012.04.09"]
[EventType "swiss"]
[EventRounds "7"]
[EventCountry "ESP"]
[SourceTitle "CBM 147 Extra"]
[Source "ChessBase"]
[SourceDate "2012.04.24"]
[SourceVersion "1"]
[SourceVersionDate "2012.04.24"]
[SourceQuality "1"]

1. e4 e5 2. Nf3 Nf6 3. Nxe5 d6 4. Nf3 Nxe4 5. d4 d5 6. Bd3 Nc6 7. 0-0 Be7 8. c4 Nb4 9. cxd5 Nxd3 10. Qxd3 Qxd5 11. Re1 Bf5 12. g4 Bg6 13. Nc3 Nxc3 14. Qxc3 Kd8 15. Bf4 Bd6 16. Bxd6 Qxd6 17. Rac1 f6 18. Qb3 Kd7 19. Rc3 Kc8 20. Rec1 Rd8 21. Rxc7+ Qxc7 22. Qe6+ Kb8 23. Rxc7 Kxc7 24. Nh4 Rxd4 25. Qe7+ Kc6 26. Qe6+ Kc7 27. Qe7+ Kc6 28. Qe6+ Kc7 1/2-1/2

[Event "Euskadi-ch"]
[Site "Zornotza"]
[Date "2011.04.27"]
[Round "6"]
[White "Villalta Bustillo, Igor"]
[Black "Gomez Esteban, Juan Mario"]
[Result "1/2-1/2"]
[WhiteElo "2182"]
[BlackElo "2477"]
[PlyCount "107"]
[EventDate "2011.04.23"]
[EventType "swiss"]
[EventRounds "7"]
[EventCountry "ESP"]
[SourceTitle "EXT 2018"]
[Source "ChessBase"]
[SourceDate "2017.10.13"]
[SourceVersion "1"]
[SourceVersionDate "2017.10.13"]
[SourceQuality "1"]

1. e4 c6 2. d4 d5 3. e5 Bf5 4. Nf3 e6 5. Be2 Ne7 6. Nbd2 c5 7. c3 Nec6 8. 0-0 Be7 9. a3 a5 10. dxc5 Bxc5 11. Nb3 Be7 12. Nbd4 Bg6 13. Bf4 0-0 14. c4 Nxd4 15. Nxd4 Nc6 16. cxd5 Qxd5 17. Nxc6 Qxc6 18. Bf3 Qb5 19. a4 Qxb2 20. Qc1 Qb4 21. Bd2 Qd4 22. Qc7 Qxd2 23. Qxe7 Rab8 24. Rad1 Qf4 25. h4 Qxe5 26. Bxb7 Bc2 27. Ra1 Rfe8 28. Qd7 Red8 29. Qc6 Bb3 30. Qf3 Bd5 31. Bxd5 Qxd5 32. Qe2 Rb4 33. Rad1 Rd4 34. Rxd4 Qxd4 35. Qb5 Qd5 36. Qb6 h5 37. Rb1 g6 38. Qc7 Kg7 39. g3 Rd7 40. Qc8 Rd8 41. Qc7 Rd7 42. Qc8 Qe4 43. Qxd7 Qxb1+ 44. Kh2 Qe4 45. Qb5 Qd5 46. Qb2+ Kh7 47. Qb5 Qf5 48. Kg1 Kg7 49. Qb2+ e5 50. Qc3 Qb1+ 51. Kh2 Qf5 52. Kg1 Qb1+ 53. Kh2 Qf5 54. Kg1 1/2-1/2

[Event "Euskadi-ch"]
[Site "Zornotza"]
[Date "2011.04.26"]
[Round "5"]
[White "Martin Alvarez, Inigo"]
[Black "Villalta Bustillo, Igor"]
[Result "0-1"]
[WhiteElo "2316"]
[BlackElo "2182"]
[PlyCount "140"]
[EventDate "2011.04.23"]
[EventType "swiss"]
[EventRounds "7"]
[EventCountry "ESP"]
[SourceTitle "EXT 2018"]
[Source "ChessBase"]
[SourceDate "2017.10.13"]
[SourceVersion "1"]
[SourceVersionDate "2017.10.13"]
[SourceQuality "1"]

1. e4 e5 2. Nf3 Nf6 3. d3 Nc6 4. Be2 g6 5. 0-0 Bg7 6. c3 0-0 7. Nbd2 d5 8. b4 Re8 9. a3 b6 10. Re1 Bb7 11. Bf1 Nb8 12. Bb2 Nbd7 13. exd5 Nxd5 14. Qc2 c5 15. g3 Qc7 16. Qb3 Rad8 17. Bg2 N5f6 18. Rad1 h6 19. Nh4 Bxg2 20. Nxg2 Qc6 21. Ne4 Nxe4 22. dxe4 c4 23. Qc2 b5 24. Bc1 Nf6 25. f3 Kh7 26. Ne3 Bf8 27. Kg2 Qb6 28. a4 a6 29. axb5 axb5 30. h3 Rxd1 31. Rxd1 Rd8 32. Ng4 Nxg4 33. hxg4 Rxd1 34. Qxd1 Qd6 35. Qd5 Qxd5 36. exd5 f5 37. gxf5 gxf5 38. f4 e4 39. Be3 Kg7 40. Kf2 Kf7 41. Ke2 Bg7 42. Kd2 h5 43. Bc5 Bf6 44. Ba7 Ke7 45. Bc5+ Kd7 46. Kc2 h4 47. gxh4 Bxh4 48. Kd2 Bg3 49. Ke3 Bh2 50. Bf8 Bg3 51. Bc5 Be1 52. Bd4 Kd6 53. Ke2 Bh4 54. Be3 Kxd5 55. Bd2 Bd8 56. Ke3 Bb6+ 57. Ke2 Ke6 58. Bc1 Kf6 59. Kf1 Kg6 60. Kg2 Kh5 61. Kg3 Bd8 62. Kh3 Bf6 63. Bd2 Bh4 64. Be3 Be1 65. Bd4 Bh4 66. Be3 Bf6 67. Bd2 e3 68. Be1 Be7 69. Kg2 Kg4 70. Kf1 Kf3 0-1

[Event "Euskadi-ch"]
[Site "Zornotza"]
[Date "2011.04.25"]
[Round "3"]
[White "Cendagortagalarza Rodriguez, Jos"]
[Black "Villalta Bustillo, Igor"]
[Result "0-1"]
[WhiteElo "1696"]
[BlackElo "2182"]
[PlyCount "58"]
[EventDate "2011.04.23"]
[EventType "swiss"]
[EventRounds "7"]
[EventCountry "ESP"]
[SourceTitle "EXT 2018"]
[Source "ChessBase"]
[SourceDate "2017.10.13"]
[SourceVersion "1"]
[SourceVersionDate "2017.10.13"]
[SourceQuality "1"]

1. e4 e5 2. d4 exd4 3. Qxd4 Nc6 4. Qe3 Nf6 5. Nc3 g6 6. Bd2 Bg7 7. 0-0-0 0-0 8. h4 Re8 9. Qf4 d6 10. Be2 Ne5 11. h5 c6 12. hxg6 fxg6 13. f3 b5 14. g4 Be6 15. b3 a5 16. Qh2 a4 17. g5 axb3 18. cxb3 Nh5 19. f4 b4 20. Na4 Rxa4 21. bxa4 Qa5 22. fxe5 Qc5+ 23. Kb1 Bxa2+ 24. Kxa2 Qc2+ 25. Ka1 Rxe5 26. Bc4+ Qxc4 27. Rc1 Rc5+ 28. Bc3 bxc3 29. Qa2 c2+ 0-1